000
00318nam a2200133Ia 4500
008
151001s9999||||xx |||||||||||||| ||und||
100
_a
निशा लोढा
245
_a
विधिलिखित
250
_a
1
260
_b
मेघना
260
_c
2007
300
_a
232
365
_b
21
999
_c
988376
_d
988373